[Event "Karl Mala Memorial op 10th"]
[Site "Griesheim"]
[Date "2006.07.22"]
[Round "4"]
[White "Adas, Alexander"]
[Black "Berwanger, Florian"]
[Result "0-1"]
[WhiteElo "900"]
[BlackElo "1320"]
[PlyCount "90"]
[EventDate "2006.07.20"]
[EventType "swiss"]
[EventRounds "7"]
[EventCountry "GER"]
[SourceTitle "CBM 113 Extra"]
[Source "ChessBase"]
[SourceDate "2006.09.14"]
[SourceVersion "1"]
[SourceVersionDate "2006.09.14"]
[SourceQuality "1"]

1. e4 Nc6 2. Nf3 d6 3. Bc4 Bg4 4. d3 Nf6 5. Be3 e5 6. 0-0 Qd7 7. Nc3 Be7 8. Re1 h5 9. Nd5 Nh7 10. Nxe7 Qxe7 11. h3 Bd7 12. Qd2 f6 13. d4 exd4 14. Bxd4 Nxd4 15. Qxd4 g5 16. e5 0-0-0 17. exd6 Qxd6 18. Qxd6 cxd6 19. Rad1 Kc7 20. Re7 g4 21. hxg4 hxg4 22. Nd4 Nf8 23. Be6 Kc8 24. Bxd7+ Rxd7 25. Rxd7 Nxd7 26. Nf5 Ne5 27. Nxd6+ Kb8 28. Ne4 f5 29. Nc3 f4 30. a4 f3 31. g3 Nc4 32. b3 Ne5 33. Re1 Rc8 34. Re3 Nf7 35. Kf1 Ng5 36. Ke1 Nh3 37. Rd3 a6 38. Re3 Ka7 39. a5 Rc5 40. Nd1 Rxc2 41. Re4 Rc1 42. b4 Rxd1+ 43. Kxd1 Nxf2+ 44. Ke1 Nxe4 45. Kf1 b6 0-1

[Event "Karl Mala Memorial op 10th"]
[Site "Griesheim"]
[Date "2006.07.21"]
[Round "3"]
[White "Peter, Falco"]
[Black "Adas, Alexander"]
[Result "1-0"]
[WhiteElo "1478"]
[BlackElo "900"]
[PlyCount "105"]
[EventDate "2006.07.20"]
[EventType "swiss"]
[EventRounds "7"]
[EventCountry "GER"]
[SourceTitle "CBM 113 Extra"]
[Source "ChessBase"]
[SourceDate "2006.09.14"]
[SourceVersion "1"]
[SourceVersionDate "2006.09.14"]
[SourceQuality "1"]

1. b4 d5 2. Bb2 Bf5 3. e3 e6 4. Nf3 Nf6 5. b5 Be7 6. c4 dxc4 7. Bxc4 c6 8. a4 0-0 9. Ba3 Bxa3 10. Rxa3 Qe7 11. Rb3 Qc5 12. d3 Rd8 13. 0-0 Nbd7 14. bxc6 Qxc6 15. Bb5 Qc7 16. Rc3 Qa5 17. Qb3 a6 18. Bxd7 Rxd7 19. Rfc1 h6 20. Rc5 Qd8 21. Ne5 Re7 22. h3 Nd7 23. Nxd7 Rxd7 24. d4 Kh7 25. Nd2 Kg8 26. Nf3 Be4 27. Ne5 Re7 28. Qd1 Re8 29. Qh5 Qe7 30. Rc7 Bg6 31. Nxg6 fxg6 32. Qxg6 Qf8 33. Rxb7 Re7 34. Qe4 Rxb7 35. Qxb7 Qb8 36. Qe4 Qd8 37. Qxe6+ Kh8 38. Rc6 a5 39. Qf7 Qf8 40. Qxf8+ Rxf8 41. d5 Rd8 42. e4 Kg8 43. Rc7 Kf8 44. f4 Re8 45. e5 g5 46. d6 Rd8 47. f5 h5 48. d7 g4 49. Rc8 Ke7 50. Rxd8 Kxd8 51. e6 gxh3 52. f6 hxg2 53. f7 1-0

[Event "Karl Mala Memorial op 10th"]
[Site "Griesheim"]
[Date "2006.07.20"]
[Round "1"]
[White "Schmidt, Markus"]
[Black "Adas, Alexander"]
[Result "1-0"]
[WhiteElo "1976"]
[BlackElo "900"]
[PlyCount "101"]
[EventDate "2006.07.20"]
[EventType "swiss"]
[EventRounds "7"]
[EventCountry "GER"]
[SourceTitle "CBM 113 Extra"]
[Source "ChessBase"]
[SourceDate "2006.09.14"]
[SourceVersion "1"]
[SourceVersionDate "2006.09.14"]
[SourceQuality "1"]

1. e4 c5 2. Nf3 d6 3. d4 cxd4 4. Nxd4 Nf6 5. Nc3 a6 6. Bc4 e6 7. Bb3 Be7 8. 0-0 0-0 9. a4 Bd7 10. Be3 Nc6 11. f3 Qc7 12. Qd2 Rac8 13. Rfd1 Rfd8 14. Qf2 Re8 15. Nde2 Bd8 16. Rd2 Be7 17. a5 Rf8 18. Bb6 Qb8 19. Rad1 Ne8 20. Na4 Bf6 21. f4 Bd8 22. f5 Bxb6 23. Nxb6 Rd8 24. Nxd7 Rxd7 25. fxe6 Re7 26. exf7+ Rexf7 27. Rf1 Qc7 28. Bxf7+ Rxf7 29. Qxf7+ Qxf7 30. Rxf7 Kxf7 31. Rd5 Ke6 32. Nd4+ Nxd4 33. Rxd4 Nc7 34. Kf2 Ke5 35. Ke3 Nb5 36. Rd5+ Ke6 37. Rxb5 axb5 38. Kd4 Kd7 39. Kd5 Ke7 40. b4 Kd7 41. c3 Ke7 42. c4 bxc4 43. Kxc4 Kd7 44. Kd5 Ke7 45. b5 Kd7 46. a6 bxa6 47. bxa6 Kc7 48. a7 Kb7 49. Kxd6 Kxa7 50. e5 Kb8 51. Kd7 1-0